LEADER 01106nas a2200241 i 4500 001 000000153585 003 CaOOAMICUS 005 20070703000000.0 008 060807b2006 it uu u0 0mul r 013 $a130928 040 $aSeMil$bita 245 10$a2006 : 1. 260 $aBari :$bIstituto di Teologia Ecumenico-Patristica Greco-Bizantina "S. Nicola",$c2006. 300 $a341 p. ;$c25 cm + [1] allegato. 500 $aIn Allegato : Pieghevole illustrativo. 773 0 $tNicolaus.$dBari : Istituto di Teologia Ecumenico-Patristica, 1973-2013.$w()2516 774 0 $t[vedi periodico].$w()265031 774 0 $tFacoltà Teologica Pugliese, Ciclo di Licenza e Dottorato in Antropologia Teologica e Teologia Ecumenica, Anno Accademico 2006-2007 [programma].$w()265032 850 $aSeMil 852 $aSeMil$W1$xVenegono$y1$m213 3 35$j105508$B105508$CSeMilBibl$Z2$F124748 $85 961 $aCambio: Scuola Cattolica 996 $6245$a2006 : 1$9(OLS)http://semarc/title/222601 996 $6260$aBari :$bIstituto di Teologia Ecumenico-Patristica Greco-Bizantina "S. Nicola"$9(OLS)http://semarc/publisher/44483 LEADER 01146nam a2200205 i 4500 001 000000224760 003 CaOOAMICUS 005 20131111000000.0 008 131111s1840 it u000 u lat u 013 $a203658 040 $aSeMil$bita 245 10$aTomus 145. 300 $a543 p. 773 0 $aAugustinus, Aurelius $tSancti Augustini Hipponensis episcopi opera omnia multis sermonibus ineditis aucta et locupletata.$b[dal 1842] Editio nova / accurantibus D. A. B. Caillau ... nonnullisque cleri gallicani presbyteris.$dParisiis : Apud Paul Mellier, 1836.$g38$w()10069 773 0 $aGuillon, Marie Nicolas Sylvestre <1760-1847>$tCollectio selecta SS. Ecclesiae Patrum, complectens exquisitissima opera tum dogmatica et moralia, tum apologetica et oratoria; accurantibus D. Caillau ... una cum D.M.N.S. Guillon ..$dParisiis : Apud Méquignon-Havard, 1829-1840 (Parisiis : Typis Decourchant)$g145$w()28977 850 $aSeMil 852 $aSeMil$W1$xVenegono$y1$m2S II 145 FA$j175106$B175106$CSeMilBibl$Z2$F185077 $8I 941 1 $a10 961 $aRecupero: Mantegazza 996 $6245$aTomus 145$9(OLS)http://semarc/title/322075